[Event "Ïåðâåíñòâî Ìîñêâû "]
[Site "ÐœÐ¾Ñ�ÐºÐ²Ð°"]
[Date "2017.11.14"]
[Round "4.6"]
[White "Strukova, Ksenia"]
[Black "Nilova, Nadezhda"]
[Result "1-0"]
[WhiteElo "2052"]
[BlackElo "1318"]
[PlyCount "77"]
[EventDate "2017.11.11"]

1. e4 e5 2. Nf3 Nc6 3. Bc4 Nf6 4. d3 d6 5. c3 Be7 6. Nbd2 O-O 7. Bb3 Re8 8. Nf1
d5 9. Qe2 dxe4 10. dxe4 h6 11. Ng3 Be6 12. O-O Bd6 13. Ba4 Bd7 14. Nh4 a6 15.
Nhf5 Bf8 16. Rd1 b5 17. Bb3 Ne7 18. Qf3 Nxf5 19. Nxf5 c5 20. Bd5 Nxd5 21. Rxd5
Qc7 22. Ng3 Be6 23. Rd1 Rad8 24. Be3 Qc8 25. h3 Rxd1+ 26. Qxd1 Rd8 27. Qh5 Qc7
28. a4 c4 29. axb5 axb5 30. Ra7 Qb8 31. Nf5 Rd3 32. Ra5 g6 33. Nxh6+ Kh7 34.
Qh4 Rd1+ 35. Kh2 Qd8 36. Bg5 Qxa5 37. Ng4+ Bh6 38. Qxh6+ Kg8 39. Nf6# 1-0

[Event "Ïåðâåíñòâî Ìîñêâû "]
[Site "ÐœÐ¾Ñ�ÐºÐ²Ð°"]
[Date "2017.11.14"]
[Round "4.7"]
[White "Granovskaya, Ekaterina"]
[Black "Panina, Sofya"]
[Result "1-0"]
[WhiteElo "1823"]
[BlackElo "1310"]
[PlyCount "53"]
[EventDate "2017.11.11"]

1. e4 e5 2. Nf3 Nc6 3. Bc4 Be7 4. a4 d6 5. d3 Bg4 6. c3 Na5 7. Ba2 Be6 8. O-O
Bxa2 9. Rxa2 Nf6 10. b4 Nc6 11. Nbd2 a5 12. b5 Nb8 13. d4 Nfd7 14. Nc4 Bf6 15.
dxe5 Nxe5 16. Nfxe5 Bxe5 17. Nxe5 dxe5 18. Qg4 O-O 19. Ba3 Re8 20. Rd1 Qf6 21.
Rad2 c6 22. Rd6 Qe7 23. Rg6 Qxa3 24. Rxg7+ Kh8 25. Rxf7 Qf8 26. Rxf8+ Rxf8 27.
Qe6 1-0

[Event "Ïåðâåíñòâî Ìîñêâû "]
[Site "ÐœÐ¾Ñ�ÐºÐ²Ð°"]
[Date "2017.11.14"]
[Round "4.8"]
[White "Obukhova, Yana"]
[Black "Kozenets, Alla"]
[Result "0-1"]
[WhiteElo "1471"]
[BlackElo "1491"]
[PlyCount "54"]
[EventDate "2017.11.11"]

1. e4 c5 2. Nf3 Nc6 3. d4 cxd4 4. Nxd4 Nf6 5. Nc3 e5 6. Nb3 Bb4 7. Bd3 d5 8.
O-O Bxc3 9. bxc3 dxe4 10. Bb5 Qb6 11. Bc4 O-O 12. Rb1 Qc7 13. Re1 h6 14. Nc5
Na5 15. Nxe4 Nxe4 16. Rxe4 Nxc4 17. h3 Bf5 18. Re1 Nb6 19. Bb2 Na4 20. Ba3 Nxc3
21. Qf3 Nxb1 22. Bxf8 Kxf8 23. Qxf5 Nc3 24. Rxe5 Re8 25. Rxe8+ Kxe8 26. Qg4 g6
27. Qd4 Ne2+ 0-1

[Event "Ïåðâåíñòâî Ìîñêâû"]
[Site "ÐœÐ¾Ñ�ÐºÐ²Ð°"]
[Date "2017.11.15"]
[Round "5.1"]
[White "Girshgorn, Maria"]
[Black "Minko, Olga"]
[Result "1-0"]
[WhiteElo "1848"]
[BlackElo "1775"]
[PlyCount "99"]
[EventDate "2017.11.11"]

1. d4 d5 2. Nf3 Nf6 3. g3 e6 4. Bg2 c5 5. c4 dxc4 6. O-O Nc6 7. dxc5 Qa5 8. Na3
c3 9. Nd4 cxb2 10. Nxc6 bxa1=Q 11. Nxa5 Bxc5 12. Qc2 Qe5 13. Nxb7 Bxb7 14. Bxb7
Rd8 15. Bf4 Qf5 16. e4 Qh5 17. e5 Nd7 18. Nc4 O-O 19. Re1 Be7 20. a4 Nc5 21.
Bc6 Nd3 22. Re4 Nxf4 23. Rxf4 Bg5 24. Bf3 Qh6 25. Re4 Qg6 26. Qe2 Rc8 27. Kg2
Rfd8 28. Bh5 Qh6 29. Nd6 Rc7 30. f4 g6 31. fxg5 Qxh5 32. Qd2 f6 33. exf6 Rcd7
34. Rxe6 Qg4 35. Qd5 Kf8 36. Qe5 Rxd6 37. Rxd6 Re8 38. Qc5 Re2+ 39. Kg1 Re1+
40. Kg2 Re2+ 41. Kg1 Re1+ 42. Kg2 Qe2+ 43. Qf2 Qe4+ 44. Kh3 Qe8 45. Qc5 Kg8 46.
Qc7 Qf8 47. Rd8 Qxd8 48. Qxd8+ Kf7 49. Qd7+ Kg8 50. Qg7# 1-0

[Event "Ïåðâåíñòâî Ìîñêâû"]
[Site "ÐœÐ¾Ñ�ÐºÐ²Ð°"]
[Date "2017.11.15"]
[Round "5.2"]
[White "Zaitseva, Lyudmila"]
[Black "Badzgaradze, Elena"]
[Result "0-1"]
[WhiteElo "1875"]
[BlackElo "1902"]
[PlyCount "98"]
[EventDate "2017.11.11"]

1. d4 Nf6 2. Nf3 e6 3. e3 b6 4. Bd3 Bb7 5. O-O Be7 6. c4 c5 7. Nc3 cxd4 8. exd4
d5 9. b3 O-O 10. Bb2 Nc6 11. Rc1 Rc8 12. Ne2 dxc4 13. bxc4 Na5 14. Ne5 Nd7 15.
f4 Ba6 16. Qa4 Nxe5 17. fxe5 Qe8 18. Qc2 h6 19. c5 Bxd3 20. Qxd3 bxc5 21. Qa6
Qd8 22. Ba3 Qb6 23. Qxb6 axb6 24. Nf4 Rfd8 25. Rfd1 Bg5 26. g3 cxd4 27. Rxc8
Rxc8 28. Rxd4 Bxf4 29. gxf4 Rc2 30. Bd6 Rxa2 31. Rb4 Rd2 32. Rxb6 Nc4 33. Rb8+
Kh7 34. Bc5 Rc2 35. Bd4 Nd2 36. Bf2 Nf3+ 37. Kg2 Nxh2 38. Kxh2 Rxf2+ 39. Kg3
Rc2 40. Kg4 Rc4 41. Rb1 g5 42. Kf3 Rxf4+ 43. Ke3 Kg6 44. Rb8 Kg7 45. Rb1 h5 46.
Rg1 Kg6 47. Rg2 h4 48. Rg1 Kf5 49. Ra1 Kxe5 0-1

[Event "Ïåðâåíñòâî Ìîñêâû"]
[Site "ÐœÐ¾Ñ�ÐºÐ²Ð°"]
[Date "2017.11.15"]
[Round "5.3"]
[White "Afanasieva, Alexandra"]
[Black "Granovskaya, Ekaterina"]
[Result "1-0"]
[WhiteElo "2103"]
[BlackElo "1823"]
[PlyCount "69"]
[EventDate "2017.11.11"]

1. e4 e5 2. Nf3 Nc6 3. Bb5 a6 4. Ba4 Nf6 5. O-O b5 6. Bb3 Bc5 7. Nc3 d6 8. Nd5
Nxe4 9. d3 Nf6 10. Bg5 Be6 11. Qd2 Rb8 12. Bxf6 gxf6 13. Qh6 Bxd5 14. Bxd5 Nb4
15. Bb3 a5 16. Qg7 Ke7 17. Nxe5 Qg8 18. Qxg8 Rhxg8 19. Nf3 Kd7 20. d4 Bb6 21.
c3 Nc6 22. Bc2 h6 23. Nh4 Ne7 24. Rfe1 Rg4 25. g3 c5 26. h3 Rgg8 27. Rad1 cxd4
28. cxd4 Rbc8 29. Bb1 Rc4 30. Kg2 Rg5 31. b3 Rxd4 32. Rxd4 Bxd4 33. Nf3 Bc3 34.
Rc1 b4 35. Nxg5 {íå ïîíÿòíî} 1-0

[Event "Ïåðâåíñòâî Ìîñêâû"]
[Site "ÐœÐ¾Ñ�ÐºÐ²Ð°"]
[Date "2017.11.15"]
[Round "5.4"]
[White "Ivanova, Maria"]
[Black "Ilyina, Lada"]
[Result "0-1"]
[WhiteElo "1514"]
[BlackElo "1736"]
[PlyCount "82"]
[EventDate "2017.11.11"]

1. e4 e6 2. d4 d5 3. Nd2 Nf6 4. e5 Nfd7 5. Bd3 c5 6. c3 Nc6 7. Ne2 cxd4 8. cxd4
f6 9. exf6 Nxf6 10. Nf3 Bd6 11. O-O O-O 12. Bg5 e5 13. dxe5 Nxe5 14. Nxe5 Bxe5
15. Qc2 h6 16. Bh4 Bg4 17. h3 Bxe2 18. Qxe2 Qd6 19. Bxf6 Qxf6 20. Rab1 Rae8 21.
Qd2 Bd4 22. Bc2 Qh4 23. Bb3 Re5 24. Rbd1 Rf4 25. Qc2 Ref5 26. Qc8+ Rf8 27.
Bxd5+ Kh8 28. Qd7 Rxf2 29. Rxf2 Qxf2+ 30. Kh1 Be5 31. Bf3 Qg3 32. Kg1 Rxf3 33.
Qc8+ Kh7 34. Qc2+ g6 35. Rd7+ Bg7 36. Qe4 Re3 37. Rxg7+ Kxg7 38. Qxb7+ Kf6 39.
Qc6+ Re6 40. Qf3+ Qxf3 41. gxf3 Re2 0-1

[Event "Ïåðâåíñòâî Ìîñêâû"]
[Site "ÐœÐ¾Ñ�ÐºÐ²Ð°"]
[Date "2017.11.15"]
[Round "5.5"]
[White "Chapanidze, Julia"]
[Black "Strukova, Ksenia"]
[Result "0-1"]
[WhiteElo "1406"]
[BlackElo "2052"]
[PlyCount "70"]
[EventDate "2017.11.11"]

1. e4 c5 2. Nf3 e6 3. d4 cxd4 4. Nxd4 a6 5. c4 Qc7 6. Nc3 Nf6 7. a3 b6 8. Be3
Bb7 9. f3 d6 10. Be2 Nbd7 11. Rc1 Rc8 12. O-O Be7 13. Qe1 O-O 14. g4 Qb8 15.
Qg3 Ne5 16. Na4 Bd8 17. h4 Bc7 18. Bf4 Ng6 19. Bg5 d5 20. Qh3 Be5 21. Rcd1 dxe4
22. h5 Nf4 23. Bxf4 Bxf4 24. Kg2 exf3+ 25. Bxf3 Rxc4 26. b3 Rcc8 27. Nxb6 Rc3
28. Nc4 Nd5 29. a4 Be5 30. Ne2 Rc2 31. Rd2 Rxd2 32. Nxd2 Ne3+ 33. Kf2 Nxf1 34.
Kxf1 Bxf3 35. Nxf3 Qxb3 0-1

[Event "Ïåðâåíñòâî Ìîñêâû"]
[Site "ÐœÐ¾Ñ�ÐºÐ²Ð°"]
[Date "2017.11.15"]
[Round "5.6"]
[White "Kozenets, Alla"]
[Black "Glukhova, Varvara"]
[Result "1-0"]
[WhiteElo "1491"]
[BlackElo "1391"]
[PlyCount "57"]
[EventDate "2017.11.11"]

1. e4 e6 2. d4 d5 3. Nd2 dxe4 4. Nxe4 Bd7 5. Nf3 Bc6 6. Bd3 Nd7 7. O-O Ngf6 8.
Re1 Bd6 9. c4 Bxe4 10. Bxe4 Nxe4 11. Rxe4 Be7 12. Re1 O-O 13. Bf4 c6 14. Qb3
Qb6 15. Qc2 h6 16. Rad1 Rac8 17. a3 a6 18. b4 Qa7 19. c5 Bf6 20. Bd6 Rfe8 21.
Ne5 Nxe5 22. dxe5 Be7 23. Rd3 Bf8 24. Rg3 Kh8 25. Qe4 Bxd6 26. exd6 Rg8 27. Qe5
Rcd8 28. Rh3 Qb8 29. Rxh6# 1-0

[Event "Ïåðâåíñòâî Ìîñêâû"]
[Site "ÐœÐ¾Ñ�ÐºÐ²Ð°"]
[Date "2017.11.15"]
[Round "5.7"]
[White "Shmidt, Kseniya"]
[Black "Nilova, Nadezhda"]
[Result "1-0"]
[WhiteElo "1511"]
[BlackElo "1318"]
[PlyCount "98"]
[EventDate "2017.11.11"]

1. d4 d5 2. Nf3 Nf6 3. c4 dxc4 4. Nc3 e6 5. Bg5 Be7 6. e3 O-O 7. Bxc4 a6 8. O-O
b5 9. Be2 Bb7 10. a3 Nbd7 11. b4 Nb6 12. Rc1 Nfd5 13. Bxe7 Qxe7 14. Nxd5 Nxd5
15. Rc5 Rac8 16. Qd2 Rfd8 17. Rfc1 f6 18. Qc2 Rd7 19. Bd3 g6 20. Nd2 Qd8 21.
Nb3 Ba8 22. Na5 Kf7 23. Nc6 Bxc6 24. Rxc6 Rd6 25. Rc5 Rd7 26. Be4 Kg7 27. Bxd5
exd5 28. Rc6 Rd6 29. Qc5 Rxc6 30. Qxc6 Qe8 31. Qxe8 Rxe8 32. Rxc7+ Kh6 33. Rc6
f5 34. Kf1 Kg5 35. f4+ Kg4 36. Kf2 a5 37. bxa5 Ra8 38. a6 g5 39. h3+ Kh5 40.
Kf3 g4+ 41. hxg4+ fxg4+ 42. Kg3 Re8 43. Kf2 Ra8 44. Rd6 h6 45. Rxd5+ Kg6 46.
Rxb5 Rxa6 47. Rb3 Rc6 48. Kg3 Rc2 49. Rd3 Kf5 1-0

[Event "Ïåðâåíñòâî Ìîñêâû"]
[Site "ÐœÐ¾Ñ�ÐºÐ²Ð°"]
[Date "2017.11.15"]
[Round "5.8"]
[White "Panina, Sofya"]
[Black "Obukhova, Yana"]
[Result "0-1"]
[WhiteElo "1310"]
[BlackElo "1471"]
[PlyCount "101"]
[EventDate "2017.11.11"]

1. d4 d5 2. c4 e6 3. Nf3 Nf6 4. Nc3 Nbd7 5. Bg5 Be7 6. e3 b6 7. Bd3 Bb7 8. O-O
O-O 9. Re1 c5 10. Rc1 Rc8 11. cxd5 cxd4 12. dxe6 Bxf3 13. gxf3 dxc3 14. exd7
Nxd7 15. Bxe7 Qxe7 16. Rxc3 Rxc3 17. bxc3 Ne5 18. Be2 Rc8 19. Qd4 Qg5+ 20. Kh1
Qf5 21. Rd1 h6 22. Rg1 g6 23. f4 Nc6 24. Qa4 Qd5+ 25. Rg2 Qd2 26. Qc4 Ne7 27.
Qd3 Qxc3 28. Qxc3 Rxc3 29. Bb5 Rc2 30. a4 Nd5 31. h3 Nc3 32. Bc4 Kf8 33. f3
Rxg2 34. Kxg2 Nxa4 35. e4 Nb2 36. Bb5 Ke7 37. Kf1 Nd1 38. Ke1 Nc3 39. Bc4 b5
40. Bb3 b4 41. Kd2 f6 42. e5 a5 43. Bc4 Na4 44. Kc2 Nb6 45. Bd3 f5 46. h4 h5
47. Kb3 Nd5 48. Bc4 Nxf4 49. Bf1 Ke6 50. Ka4 Kxe5 51. Kb3 0-1

[Event "Ïåðâåíñòâî Ìîñêâû "]
[Site "ÐœÐ¾Ñ�ÐºÐ²Ð°"]
[Date "2017.11.16"]
[Round "6.1"]
[White "Badzgaradze, Elena"]
[Black "Girshgorn, Maria"]
[Result "1-0"]
[WhiteElo "1902"]
[BlackElo "1848"]
[PlyCount "75"]
[EventDate "2017.11.11"]

1. d4 Nf6 2. c4 e6 3. g3 Bb4+ 4. Bd2 Bxd2+ 5. Nxd2 Nc6 6. Ngf3 d6 7. Bg2 e5 8.
d5 Ne7 9. e4 O-O 10. O-O Ne8 11. Ne1 f5 12. Nd3 Ng6 13. exf5 Bxf5 14. Ne4 Nf6
15. f3 c6 16. Ndf2 cxd5 17. Nxf6+ Qxf6 18. Qxd5+ Qf7 19. Qxf7+ Kxf7 20. Rad1
Rad8 21. Bh3 Ne7 22. f4 Ke8 23. Bxf5 Rxf5 24. Ne4 d5 25. cxd5 Nxd5 26. Rfe1 Rf7
27. fxe5 Re7 28. Nd6+ Rxd6 29. exd6 Rxe1+ 30. Rxe1+ Kd7 31. Rf1 Nf6 32. g4 h6
33. h4 Ke6 34. g5 hxg5 35. hxg5 Nh7 36. d7 Ke7 37. Rf7+ Kd8 38. Rxg7 1-0

[Event "Ïåðâåíñòâî Ìîñêâû "]
[Site "ÐœÐ¾Ñ�ÐºÐ²Ð°"]
[Date "2017.11.16"]
[Round "6.2"]
[White "Strukova, Ksenia"]
[Black "Afanasieva, Alexandra"]
[Result "0-1"]
[WhiteElo "2052"]
[BlackElo "2103"]
[PlyCount "67"]
[EventDate "2017.11.11"]

1. e4 c5 2. Nf3 Nc6 3. d4 cxd4 4. Nxd4 g6 5. Nc3 Bg7 6. Be3 Nf6 7. Bc4 O-O 8.
Bb3 d6 9. f3 Bd7 10. Qd2 Nxd4 11. Bxd4 b5 12. Nd5 Nxd5 13. Bxd5 Bxd4 14. Qxd4
Rc8 15. c3 a5 16. a3 Be6 17. Bxe6 fxe6 18. O-O Rc4 19. Qa7 b4 20. cxb4 axb4 21.
Rac1 Qc8 22. Rxc4 Qxc4 23. Qxe7 Qd4+ 24. Kh1 Qxb2 25. Qxe6+ Kg7 26. axb4 Qxb4
27. Rd1 Rb8 28. h3 Rb6 29. Qe7+ Kg8 30. Rc1 Qb1 31. Rxb1 Rxb1+ 32. Kh2 Rd1 33.
f4 Re1 34. Qxd6 0-1

[Event "Ïåðâåíñòâî Ìîñêâû "]
[Site "ÐœÐ¾Ñ�ÐºÐ²Ð°"]
[Date "2017.11.16"]
[Round "6.3"]
[White "Ilyina, Lada"]
[Black "Zaitseva, Lyudmila"]
[Result "0-1"]
[WhiteElo "1736"]
[BlackElo "1875"]
[PlyCount "96"]
[EventDate "2017.11.11"]

1. e4 e6 2. d4 d5 3. Nc3 Nf6 4. Bg5 dxe4 5. Nxe4 Nbd7 6. Nf3 Be7 7. Nxf6+ Nxf6
8. Bd3 O-O 9. c3 b6 10. Qc2 h6 11. Bxf6 Bxf6 12. Be4 Rb8 13. O-O-O Bb7 14. Bxb7
Rxb7 15. Qe4 Qc8 16. g4 c5 17. h4 g6 18. Kb1 Bg7 19. Ne5 a5 20. f4 cxd4 21.
cxd4 Bf6 22. Rc1 Rc7 23. g5 hxg5 24. hxg5 Bg7 25. Rxc7 Qxc7 26. Rc1 Qd6 27. Rc6
Qb4 28. a3 Qb5 29. Rc7 a4 30. Nxg6 fxg6 31. Qxg6 Qf5+ 32. Qxf5 Rxf5 33. Rc6
Bxd4 34. Rc4 Rxf4 35. Rxa4 e5 36. b4 Rg4 37. Ra8+ Kg7 38. a4 Be3 39. b5 Bd2 40.
Re8 Rxg5 41. Kc2 Ba5 42. Kd3 Kf7 43. Rd8 Rg4 44. Rd5 Ke6 45. Rd8 Rxa4 46. Re8+
Kd5 47. Rd8+ Kc5 48. Re8 e4+ 0-1

[Event "Ïåðâåíñòâî Ìîñêâû "]
[Site "ÐœÐ¾Ñ�ÐºÐ²Ð°"]
[Date "2017.11.16"]
[Round "6.4"]
[White "Minko, Olga"]
[Black "Kozenets, Alla"]
[Result "1-0"]
[WhiteElo "1775"]
[BlackElo "1491"]
[PlyCount "67"]
[EventDate "2017.11.11"]

1. e4 c5 2. Nf3 Nc6 3. d4 cxd4 4. Nxd4 Nf6 5. Nc3 e5 6. Ndb5 d6 7. a4 a6 8. Na3
h6 9. Bc4 Be7 10. O-O O-O 11. h3 Qc7 12. Re1 Nd8 13. Nd5 Nxd5 14. Bxd5 Be6 15.
Nc4 Bxd5 16. Qxd5 Nc6 17. c3 Na7 18. a5 Rad8 19. Be3 Nc8 20. Ra3 Bg5 21. Rb3
Rd7 22. Bb6 Nxb6 23. Nxb6 Re7 24. Ra1 Qc5 25. Ra4 Qc7 26. Rc4 Qb8 27. Rcb4 Qc7
28. Nc4 Rc8 29. Qxd6 Qxc4 30. Rxc4 Rxc4 31. Qb8+ Kh7 32. Rb6 Re6 33. Rxe6 fxe6
34. Qxb7 {íå ïîíÿòíî} 1-0

[Event "Ïåðâåíñòâî Ìîñêâû "]
[Site "ÐœÐ¾Ñ�ÐºÐ²Ð°"]
[Date "2017.11.16"]
[Round "6.5"]
[White "Shmidt, Kseniya"]
[Black "Chapanidze, Julia"]
[Result "1-0"]
[WhiteElo "1511"]
[BlackElo "1406"]
[PlyCount "87"]
[EventDate "2017.11.11"]

1. d4 Nf6 2. c4 d6 3. Nc3 g6 4. e4 Bg7 5. f3 O-O 6. Be3 a6 7. Qd2 c6 8. Nge2
Nbd7 9. g4 b5 10. Ng3 e5 11. h4 exd4 12. Bxd4 Ne5 13. Qf2 bxc4 14. Bxe5 Nxg4
15. fxg4 Bxe5 16. g5 Re8 17. O-O-O Be6 18. Nge2 d5 19. Qc5 Rc8 20. Bh3 Qd7 21.
Bxe6 fxe6 22. Qxc4 Qa7 23. Qd3 Qb6 24. h5 Rb8 25. Qc2 Red8 26. exd5 cxd5 27.
hxg6 Qe3+ 28. Qd2 Qxd2+ 29. Rxd2 hxg6 30. Kb1 d4 31. Ne4 d3 32. N2c3 Rb4 33.
Rf1 Bxc3 34. Nxc3 e5 35. Re1 Rc8 36. Rxd3 Rc5 37. Rde3 Kg7 38. Kc2 e4 39. Kb1
Rxg5 40. Rxe4 Rxe4 41. Rxe4 Rg2 42. Re2 Rg3 43. Kc2 Kf6 44. Ne4+ 1-0

[Event "Ïåðâåíñòâî Ìîñêâû "]
[Site "ÐœÐ¾Ñ�ÐºÐ²Ð°"]
[Date "2017.11.16"]
[Round "6.6"]
[White "Granovskaya, Ekaterina"]
[Black "Ivanova, Maria"]
[Result "1/2-1/2"]
[WhiteElo "1823"]
[BlackElo "1514"]
[PlyCount "119"]
[EventDate "2017.11.11"]

1. e4 c5 2. Nf3 e6 3. d4 cxd4 4. Nxd4 Nc6 5. Nc3 Qc7 6. Be3 a6 7. Qf3 Nf6 8.
O-O-O b5 9. e5 Ng8 10. Nxc6 Bb7 11. Bxb5 axb5 12. Nxb5 Qxc6 13. Qxc6 Bxc6 14.
Nc7+ Kd8 15. Nxa8 Bxa8 16. f3 Ne7 17. c4 Nc6 18. Bg5+ Kc7 19. Rhe1 Bc5 20. Bf4
Rg8 21. Be3 Be7 22. Bd2 Nb4 23. Kb1 Rb8 24. a3 Nc6 25. Ka2 f6 26. exf6 gxf6 27.
Bc3 e5 28. Re2 Bb7 29. b4 Ra8 30. Kb3 Nd8 31. Red2 d6 32. a4 Nc6 33. Ra2 Bc8
34. a5 Rb8 35. b5 Be6 36. b6+ Kb7 37. Ra4 Bd7 38. Raa1 Ka6 39. Kc2 Be6 40. Kd3
Bf5+ 41. Ke3 Be6 42. Ra4 Bd7 43. c5 Nd4 44. Raxd4 exd4+ 45. Rxd4 Rc8 46. Bb4
dxc5 47. Rxd7 cxb4 48. b7 Rb8 49. Rxe7 Rxb7 50. Rxb7 Kxb7 51. Kd3 Ka6 52. Kc4
Kxa5 53. Kb3 Kb5 54. g4 Kc5 55. h4 Kd5 56. Kxb4 Ke5 57. Kc3 Kf4 58. Kd3 Kxf3
59. g5 fxg5 60. hxg5 1/2-1/2

[Event "Ïåðâåíñòâî Ìîñêâû "]
[Site "ÐœÐ¾Ñ�ÐºÐ²Ð°"]
[Date "2017.11.16"]
[Round "6.7"]
[White "Glukhova, Varvara"]
[Black "Panina, Sofya"]
[Result "0-1"]
[WhiteElo "1391"]
[BlackElo "1310"]
[PlyCount "72"]
[EventDate "2017.11.11"]

1. d4 d5 2. c4 e6 3. cxd5 exd5 4. Bf4 Nf6 5. Nd2 Bd6 6. Bxd6 Qxd6 7. Ngf3 Bg4
8. e3 O-O 9. Be2 Nbd7 10. Rc1 c6 11. h3 Bf5 12. g4 Bg6 13. g5 Ne4 14. Nxe4 Bxe4
15. h4 f6 16. Rg1 Bxf3 17. Bxf3 fxg5 18. hxg5 g6 19. a3 Rf7 20. Rg3 Re8 21. Kf1
Nb6 22. Kg2 Nc4 23. Qe2 Qe7 24. Rh1 Nd6 25. Rg4 Ref8 26. Rh3 Ne4 27. Bxe4 Rxf2+
28. Qxf2 Rxf2+ 29. Kxf2 dxe4 30. Rgh4 Qxg5 31. Rxh7 Qf5+ 32. Ke1 Qa5+ 33. Kd1
Qa4+ 34. Kd2 Qa5+ 35. Kd1 Qa4+ 36. Kd2 Qb3 {íå ïîíÿòíî} 0-1

[Event "Ïåðâåíñòâî Ìîñêâû"]
[Site "ÐœÐ¾Ñ�ÐºÐ²Ð°"]
[Date "2017.11.17"]
[Round "7.1"]
[White "Minko, Olga"]
[Black "Badzgaradze, Elena"]
[Result "1-0"]
[WhiteElo "1775"]
[BlackElo "1902"]
[PlyCount "45"]
[EventDate "2017.11.11"]

1. e4 c6 2. d4 d5 3. exd5 cxd5 4. Bd3 Nc6 5. c3 Nf6 6. Bf4 Bg4 7. Qb3 Qc8 8.
Nd2 e6 9. Ngf3 Be7 10. O-O Bh5 11. Rfe1 Bg6 12. Bxg6 hxg6 13. Ne5 O-O 14. Ndf3
Nd7 15. Qd1 Ncxe5 16. Nxe5 Nxe5 17. Bxe5 b5 18. Re3 Qd7 19. Rh3 a5 20. Qd2 b4
21. Rh8+ Kxh8 22. Qh6+ Kg8 23. Qxg7# 1-0

[Event "Ïåðâåíñòâî Ìîñêâû"]
[Site "ÐœÐ¾Ñ�ÐºÐ²Ð°"]
[Date "2017.11.17"]
[Round "7.2"]
[White "Girshgorn, Maria"]
[Black "Shmidt, Kseniya"]
[Result "1-0"]
[WhiteElo "1848"]
[BlackElo "1511"]
[PlyCount "67"]
[EventDate "2017.11.11"]

1. d4 Nf6 2. Nf3 d5 3. g3 Bf5 4. c4 c6 5. Bg2 h6 6. Bf4 e6 7. Nbd2 Be7 8. O-O
O-O 9. Ne5 Nbd7 10. Ndf3 Ne4 11. Qb3 Qc8 12. Nxd7 Qxd7 13. Ne5 Qc8 14. g4 Bh7
15. Rad1 Rd8 16. c5 Bg5 17. Bxg5 Nxg5 18. h4 Ne4 19. f3 Nf6 20. g5 hxg5 21.
hxg5 Nh5 22. f4 Bf5 23. Bh3 g6 24. Bg4 Ng7 25. Qh3 Nh5 26. Qh4 Bxg4 27. Nxg4
Kf8 28. Nh6 Ng7 29. Rd3 Ke7 30. Re3 Rh8 31. f5 Nxf5 32. Rxf5 gxf5 33. g6+ Kf8
34. Qf6 1-0

[Event "Ïåðâåíñòâî Ìîñêâû"]
[Site "ÐœÐ¾Ñ�ÐºÐ²Ð°"]
[Date "2017.11.17"]
[Round "7.3"]
[White "Zaitseva, Lyudmila"]
[Black "Strukova, Ksenia"]
[Result "0-1"]
[WhiteElo "1875"]
[BlackElo "2052"]
[PlyCount "110"]
[EventDate "2017.11.11"]

1. d4 Nf6 2. c4 d6 3. Nf3 g6 4. Nc3 Bg7 5. e4 O-O 6. Be2 Na6 7. O-O e5 8. Be3
Ng4 9. Bg5 f6 10. Bc1 Nh6 11. dxe5 dxe5 12. Qb3 Nf7 13. Be3 c6 14. c5 Nc7 15.
Rfd1 Qe7 16. Nd2 Ne6 17. Nc4 Nd4 18. Bxd4 exd4 19. Na4 Qxe4 20. Bf3 Qe6 21.
Rxd4 f5 22. Rdd1 Kh8 23. Re1 Qf6 24. Rad1 Be6 25. Be2 Ne5 26. Qb4 Bxc4 27. Bxc4
Qh4 28. Rxe5 Bxe5 29. g3 Qg4 30. Re1 Rae8 31. Rxe5 Rxe5 32. Qc3 Qe4 33. Bf1 f4
34. b4 fxg3 35. hxg3 Qe1 36. Qd4 Qe4 37. Qc3 h5 38. Nb2 Kh7 39. Nd3 Re7 40. Bg2
Qe6 41. Kh2 Qf6 42. Qc2 Qf5 43. Bh3 Qe4 44. Bg2 Qe2 45. Qc3 Qxa2 46. Qd4 Qe6
47. Nf4 Rxf4 48. gxf4 Qd7 49. Qf6 Rf7 50. Qh4 Qf5 51. Kg3 Qg4+ 52. Qxg4 hxg4
53. Kxg4 Rd7 54. f3 Kg7 55. Kg5 Rd4 0-1

[Event "Ïåðâåíñòâî Ìîñêâû"]
[Site "ÐœÐ¾Ñ�ÐºÐ²Ð°"]
[Date "2017.11.17"]
[Round "7.4"]
[White "Afanasieva, Alexandra"]
[Black "Kozenets, Alla"]
[Result "1-0"]
[WhiteElo "2103"]
[BlackElo "1491"]
[PlyCount "93"]
[EventDate "2017.11.11"]

1. e4 c5 2. Nf3 Nc6 3. Bb5 e6 4. O-O Nge7 5. c3 a6 6. Ba4 b5 7. Bc2 d5 8. e5 g6
9. d4 cxd4 10. cxd4 Bg7 11. Nc3 Rb8 12. Bf4 Nf5 13. Bxf5 gxf5 14. Qd2 h6 15.
Ne2 Ne7 16. Ng3 Ng6 17. Nh5 Kf8 18. Nxg7 Kxg7 19. Be3 Bb7 20. Rac1 Rc8 21. Rxc8
Qxc8 22. h4 Qd8 23. h5 Nf8 24. Rc1 Nd7 25. Bf4 Qb6 26. Qb4 Qd8 27. a4 Re8 28.
axb5 Qb6 29. Qd2 Rh8 30. bxa6 Bxa6 31. Rc3 Qd8 32. Ne1 Qf8 33. Rg3+ Kh7 34. Ra3
Bc4 35. Ra7 Bb5 36. Rb7 Bc6 37. Rc7 Bb5 38. Nc2 Nb8 39. Ne3 Qg8 40. Nxf5 exf5
41. e6 Be8 42. exf7 Bxf7 43. Qd3 Kg7 44. Qxf5 Na6 45. Be5+ Kf8 46. Qc8+ Be8 47.
Bd6# 1-0

[Event "Ïåðâåíñòâî Ìîñêâû"]
[Site "ÐœÐ¾Ñ�ÐºÐ²Ð°"]
[Date "2017.11.17"]
[Round "7.5"]
[White "Granovskaya, Ekaterina"]
[Black "Ilyina, Lada"]
[Result "0-1"]
[WhiteElo "1823"]
[BlackElo "1736"]
[PlyCount "89"]
[EventDate "2017.11.11"]

1. e4 e6 2. d4 d5 3. Nd2 Nf6 4. Bd3 c5 5. c3 Nc6 6. Ngf3 Qb6 7. O-O cxd4 8.
cxd4 Be7 9. e5 Nd7 10. Nb3 O-O 11. Ng5 h6 12. Nh7 Re8 13. Qh5 Bf8 14. Ng5 Re7
15. Nf3 g6 16. Bxg6 fxg6 17. Qxg6+ Bg7 18. Bxh6 Nf8 19. Qg4 Bd7 20. Bg5 Rf7 21.
Nc5 Qc7 22. Bh4 Nh7 23. Nd3 Raf8 24. Bg3 Qb6 25. Rad1 Ne7 26. Nf4 Nf5 27. Ng6
Re8 28. Bf4 Bc8 29. Rd3 Ne7 30. Nxe7+ Rexe7 31. Ng5 Nxg5 32. Bxg5 Re8 33. Rh3
Kf8 34. Qh4 Rf5 35. Rg3 Kf7 36. Qh5+ Kf8 37. Qh7 Rf7 38. Qg6 Qxd4 39. Bf6 Bxf6
40. exf6 Qxf6 41. Qc2 b6 42. Rf3 Qg7 43. Rg3 Qh7 44. Qc3 Rg7 45. Rh3 {
íå ïîíÿòíî} 0-1

[Event "Ïåðâåíñòâî Ìîñêâû"]
[Site "ÐœÐ¾Ñ�ÐºÐ²Ð°"]
[Date "2017.11.17"]
[Round "7.6"]
[White "Ivanova, Maria"]
[Black "Glukhova, Varvara"]
[Result "1-0"]
[WhiteElo "1514"]
[BlackElo "1391"]
[PlyCount "57"]
[EventDate "2017.11.11"]

1. e4 e6 2. d4 d5 3. Nd2 dxe4 4. Nxe4 Bd7 5. Nf3 Bc6 6. Bd3 Nd7 7. O-O Ngf6 8.
Ng3 h6 9. b3 b6 10. Bb2 Bb7 11. Re1 Be7 12. c4 O-O 13. Ne5 Kh8 14. Qe2 c6 15.
Rad1 Rc8 16. Bb1 Qe8 17. Qd3 g6 18. Qe3 Kh7 19. h4 Rh8 20. h5 Nxe5 21. Qxe5 Bd8
22. hxg6+ fxg6 23. Qxe6 Qxe6 24. Rxe6 Rg8 25. d5 Nd7 26. dxc6 Bxc6 27. Rxc6
Rxc6 28. Rxd7+ Rg7 29. Rxg7+ 1-0

[Event "Ïåðâåíñòâî Ìîñêâû"]
[Site "ÐœÐ¾Ñ�ÐºÐ²Ð°"]
[Date "2017.11.17"]
[Round "7.7"]
[White "Panina, Sofya"]
[Black "Nilova, Nadezhda"]
[Result "1-0"]
[WhiteElo "1310"]
[BlackElo "1318"]
[PlyCount "39"]
[EventDate "2017.11.11"]

1. d4 d5 2. c4 dxc4 3. e4 Nf6 4. Nc3 e6 5. Bxc4 h6 6. a3 Nc6 7. Nf3 Be7 8. O-O
O-O 9. Re1 Re8 10. h3 a6 11. Bf4 Na5 12. Ba2 b6 13. Qc2 Bb7 14. Red1 Nc6 15.
Bb1 g6 16. Bxh6 Kh7 17. Ng5+ Kg8 18. e5 Nh7 19. Nxf7 Kxf7 20. Qxg6# 1-0

[Event "Ïåðâåíñòâî Ìîñêâû"]
[Site "ÐœÐ¾Ñ�ÐºÐ²Ð°"]
[Date "2017.11.17"]
[Round "7.8"]
[White "Obukhova, Yana"]
[Black "Chapanidze, Julia"]
[Result "0-1"]
[WhiteElo "1471"]
[BlackElo "1406"]
[PlyCount "78"]
[EventDate "2017.11.11"]

1. e4 c5 2. Nf3 Nc6 3. d4 cxd4 4. Nxd4 Nf6 5. Nc3 d6 6. Be2 e6 7. O-O Be7 8.
Nb3 a6 9. a3 Qc7 10. Be3 b5 11. Qd2 O-O 12. Rad1 Bb7 13. f3 Rfd8 14. Qc1 Rac8
15. Rd2 d5 16. exd5 exd5 17. Nd1 Bd6 18. g3 d4 19. Bf2 Nh5 20. Kg2 Qe7 21. Re1
Qg5 22. Qb1 Ne5 23. Rxd4 Ng4 24. h4 Qf5 25. Rg1 Nxf2 26. Kxf2 Bxf3 27. Ne3 Qf6
28. Bxf3 Bxg3+ 29. Rxg3 Rxd4 30. Nxd4 Nxg3 31. Kxg3 Qxd4 32. Ng2 Qe5+ 33. Kf2
Qc5+ 34. Ne3 Re8 35. Qc1 f5 36. Qd2 Kh8 37. Qc3 Qb6 38. Bc6 Rc8 39. Qe5 Qxc6 {
íå ïîíÿòíî} 0-1

[Event "Ïåðâåíñòâî Ìîñêâû"]
[Site "ÐœÐ¾Ñ�ÐºÐ²Ð°"]
[Date "2017.11.18"]
[Round "8.1"]
[White "Afanasieva, Alexandra"]
[Black "Girshgorn, Maria"]
[Result "1-0"]
[WhiteElo "2103"]
[BlackElo "1848"]
[PlyCount "105"]
[EventDate "2017.11.11"]

1. e4 c6 2. d4 d5 3. Nc3 dxe4 4. Nxe4 Nf6 5. Nxf6+ exf6 6. c3 Bd6 7. Bd3 O-O 8.
Qc2 Re8+ 9. Ne2 Kh8 10. Be3 Be6 11. O-O-O Qa5 12. a3 Nd7 13. Kb1 Qd5 14. c4
Qxg2 15. Rdg1 Qf3 16. Ng3 Bxg3 17. hxg3 g6 18. Be4 Qxe4 19. Qxe4 Bf5 20. Qxf5
gxf5 21. Rh5 Rg8 22. Rgh1 Rg7 23. Rxf5 Re8 24. Kc2 Rg4 25. Rfh5 Nf8 26. Kd3 Rd8
27. d5 cxd5 28. cxd5 b6 29. Bd4 Rd6 30. Rc1 Kg7 31. Rc6 Rxc6 32. dxc6 Ne6 33.
Rd5 h5 34. Rd7 h4 35. gxh4 Rxh4 36. b4 Rh5 37. Rxa7 b5 38. c7 Rh3+ 39. Be3 Rh8
40. Rb7 Rc8 41. Bb6 Ra8 42. Kc2 Nxc7 43. Bxc7 Rxa3 44. Bg3 f5 45. Be5+ Kg6 46.
Rxb5 f4 47. Bxf4 Ra2+ 48. Kc3 Rxf2 49. Be3 Rf3 50. Kd4 f5 51. Rb6+ Kf7 52. Bg5
Rf1 53. Ke5 1-0